[Event "CZE-tht Extraliga 2018-19"]
[Site "Czech Republic"]
[Date "2019.02.09"]
[Round "7.8"]
[White "Slampa, Jan"]
[Black "Vymazal, Bronislav"]
[Result "0-1"]
[WhiteElo "2258"]
[BlackElo "2366"]
[Annotator "NA"]
[PlyCount "128"]
[EventDate "2018.11.03"]
[EventType "team-tourn"]
[EventCountry "CZE"]
[SourceTitle "playchess.com"]
[Source "ChessBase"]
[SourceQuality "1"]
[WhiteTeam "Siesta B"]
[BlackTeam "Brno"]
[TimeControl "40/5400+30:1800+30"]

1. d4 {[%emt 0:00:00]} f5 {[%emt 0:00:00]} 2. Nf3 {[%emt 0:00:44]} Nf6 {[%emt 0:00:00]} 3. g3 {[%emt 0:00:31]} g6 {[%emt 0:00:00]} 4. Bg2 {[%emt 0:00:06]} Bg7 {[%emt 0:00:00]} 5. O-O {[%emt 0:00:25]} O-O {[%emt 0:00:00]} 6. Nc3 {[%emt 0:11:05]} d5 {[%emt 0:09:16]} 7. e3 {[%emt 0:13:49]} e6 {[%emt 0:17:16]} 8. Ne2 {[%emt 0:02:36]} Nbd7 {[%emt 0:05:45]} 9. b3 {[%emt 0:04:45]} b6 {[%emt 0:08:30]} 10. Ba3 {[%emt 0:05:23]} Re8 {[%emt 0:00:16]} 11. Rc1 {[%emt 0:00:17]} Bb7 {[%emt 0:01:44]} 12. Nf4 {[%emt 0:02:14]} Ne4 {[%emt 0:04:10]} 13. c4 {[%emt 0:04:53]} c6 {[%emt 0:10:16]} 14. Qe2 {[%emt 0:06:33]} a5 {[%emt 0:09:15]} 15. Rc2 {[%emt 0:04:35]} a4 {[%emt 0:00:18]} 16. b4 {[%emt 0:12:03]} Ba6 {[%emt 0:09:11]} 17. b5 {[%emt 0:00:17]} Bb7 {[%emt 0:01:19]} 18. Rfc1 {[%emt 0:02:11]} c5 {[%emt 0:00:55]} 19. dxc5 {[%emt 0:09:11]} bxc5 {[%emt 0:01:10]} 20. Nd2 {[%emt 0:01:03]} Rc8 {[%emt 0:10:33]} 21. cxd5 {[%emt 0:02:31]} exd5 {[%emt 0:00:04]} 22. Nxe4 {[%emt 0:00:41]} dxe4 {[%emt 0:00:39]} 23. Qc4+ {[%emt 0:06:07]} Kh8 {[%emt 0:00:05]} 24. Qxa4 {[%emt 0:00:32]} Qb6 {[%emt 0:04:21]} 25. h4 {[%emt 0:03:10]} Rc7 {[%emt 0:02:06]} 26. Qb3 {[%emt 0:01:15]} Be5 {[%emt 0:03:05]} 27. Bf1 {[%emt 0:01:07]} Kg7 {[%emt 0:00:32]} 28. Bc4 {[%emt 0:00:43]} Bxf4 {[%emt 0:01:32]} 29. exf4 {[%emt 0:02:32]} Nf6 {[%emt 0:00:19]} 30. Bb2 {[%emt 0:00:14]} Kh6 {[%emt 0:00:07]} 31. Be5 {[%emt 0:02:02]} Rce7 {[%emt 0:00:06]} 32. Rd2 {[%emt 0:00:24]} Ng4 {[%emt 0:00:13]} 33. Rd6 {[%emt 0:00:28]} Qa7 {[%emt 0:00:14]} 34. Rcd1 {[%emt 0:01:32]} e3 {[%emt 0:00:19]} 35. fxe3 {[%emt 0:00:22]} Nxe5 {[%emt 0:00:27]} 36. fxe5 {[%emt 0:00:30]} Rxe5 {[%emt 0:00:04]} 37. R1d3 {[%emt 0:00:40]} Re4 {[%emt 0:02:17]} 38. Bd5 {[%emt 0:00:47]} Bxd5 {[%emt 0:00:18]} 39. Qxd5 {[%emt 0:00:28]} c4 {[%emt 0:00:53]} 40. b6 {[%emt 0:00:41]} Qxa2 {[%emt 0:00:20]} 41. Rd2 {[%emt 0:03:43]} Qb1+ {[%emt 0:07:34]} 42. Rd1 {[%emt 0:02:35]} Qb3 {[%emt 0:03:39]} 43. Kh2 {[%emt 0:05:24]} Qxe3 {[%emt 0:11:40]} 44. Qxf5 {[%emt 0:06:32]} Rxh4+ {[%emt 0:05:47]} 45. gxh4 {[%emt 0:00:15]} Qe2+ {[%emt 0:00:05]} 46. Kg1 {[%emt 0:00:26]} Qxd1+ {[%emt 0:00:06]} 47. Rxd1 {[%emt 0:00:26]} gxf5 {[%emt 0:00:04]} 48. Rc1 {[%emt 0:01:01]} Rb8 {[%emt 0:00:29]} 49. Rxc4 {[%emt 0:00:19]} Rxb6 {[%emt 0:00:04]} 50. Kf2 {[%emt 0:00:28]} Rb3 {[%emt 0:00:17]} 51. Kg2 {[%emt 0:00:21]} Kg6 {[%emt 0:00:45]} 52. Ra4 {[%emt 0:00:12]} Re3 {[%emt 0:01:01]} 53. Ra6+ {[%emt 0:03:11]} Kh5 {[%emt 0:00:28]} 54. Rf6 {[%emt 0:00:35]} Kg4 {[%emt 0:00:28]} 55. Rh6 {[%emt 0:01:03]} Re2+ {[%emt 0:00:49]} 56. Kf1 {[%emt 0:00:28]} Re7 {[%emt 0:00:26]} 57. Kf2 {[%emt 0:00:08]} Ra7 {[%emt 0:01:03]} 58. Kg2 {[%emt 0:03:18]} f4 {[%emt 0:00:21]} 59. Kf2 {[%emt 0:00:13]} f3 {[%emt 0:01:06]} 60. Rf6 {[%emt 0:04:40]} Ra2+ {[%emt 0:00:17]} 61. Ke1 {[%emt 0:00:28]} Kg3 {[%emt 0:00:15]} 62. Rf7 {[%emt 0:00:18]} f2+ {[%emt 0:00:19]} 63. Kf1 {[%emt 0:00:24]} Ra1+ {[%emt 0:00:10]} 64. Ke2 {[%emt 0:00:04]} Re1+ 0-1

[Event "CZE-tht Extraliga 2018-19"]
[Site "Czech Republic"]
[Date "2019.02.09"]
[Round "7.8"]
[White "Kanok, Jaroslav"]
[Black "Rosko, Lubos"]
[Result "0-1"]
[WhiteElo "2146"]
[BlackElo "2276"]
[Annotator "NA"]
[PlyCount "82"]
[EventDate "2018.11.03"]
[EventType "team-tourn"]
[EventCountry "CZE"]
[SourceTitle "playchess.com"]
[Source "ChessBase"]
[SourceQuality "1"]
[WhiteTeam "Ostrava"]
[BlackTeam "Pardubice"]
[TimeControl "40/5400+30:1800+30"]

1. Nf3 {[%emt 0:00:00]} Nf6 {[%emt 0:00:20]} 2. g3 {[%emt 0:00:09]} d5 {[%emt 0:00:52]} 3. Bg2 {[%emt 0:01:11]} g6 {[%emt 0:01:10]} 4. d3 {[%emt 0:05:13]} Bg7 {[%emt 0:00:12]} 5. O-O {[%emt 0:00:33]} O-O {[%emt 0:00:31]} 6. Nbd2 {[%emt 0:00:40]} c5 {[%emt 0:03:04]} 7. c3 {[%emt 0:02:53]} Nc6 {[%emt 0:00:09]} 8. e4 {[%emt 0:00:14]} e5 {[%emt 0:01:20]} 9. Qc2 {[%emt 0:03:30]} Re8 {[%emt 0:00:42]} 10. Rb1 {[%emt 0:04:10]} a5 {[%emt 0:06:13]} 11. Re1 {[%emt 0:03:36]} h6 {[%emt 0:01:13]} 12. h3 {[%emt 0:08:51]} a4 {[%emt 0:09:18]} 13. Nf1 {[%emt 0:10:07]} Be6 {[%emt 0:04:41]} 14. b4 {[%emt 0:05:10]} axb3 {[%emt 0:10:24]} 15. axb3 {[%emt 0:00:18]} Qd7 {[%emt 0:09:57]} 16. g4 {[%emt 0:08:47]} h5 {[%emt 0:07:44]} 17. gxh5 {[%emt 0:09:13]} Nxh5 {[%emt 0:09:37]} 18. Ng5 {[%emt 0:00:59]} d4 {[%emt 0:00:44]} 19. Nxe6 {[%emt 0:04:33]} Qxe6 {[%emt 0:05:20]} 20. cxd4 {[%emt 0:01:43]} Nxd4 {[%emt 0:02:25]} 21. Qd1 {[%emt 0:07:18]} Nf4 {[%emt 0:01:12]} 22. Bxf4 {[%emt 0:07:02]} exf4 {[%emt 0:00:07]} 23. Nh2 {[%emt 0:01:30]} Ra2 {[%emt 0:02:05]} 24. Nf3 {[%emt 0:04:14]} Nb5 {[%emt 0:01:32]} 25. Qc1 {[%emt 0:01:14]} Na3 {[%emt 0:05:55]} 26. Qxc5 {[%emt 0:02:31]} Nxb1 {[%emt 0:00:22]} 27. Rxb1 {[%emt 0:00:07]} Rc8 {[%emt 0:00:27]} 28. Qb5 {[%emt 0:01:31]} Qc6 {[%emt 0:01:43]} 29. Qc4 {[%emt 0:03:06]} b5 {[%emt 0:01:25]} 30. Qxc6 {[%emt 0:02:27]} Rxc6 {[%emt 0:00:05]} 31. e5 {[%emt 0:00:27]} Rcc2 {[%emt 0:01:15]} 32. d4 {[%emt 0:00:36]} Rxf2 {[%emt 0:01:11]} 33. Bh1 {[%emt 0:00:07]} Bf8 {[%emt 0:02:12]} 34. Rd1 {[%emt 0:01:20]} Rfb2 {[%emt 0:00:58]} 35. e6 {[%emt 0:00:52]} fxe6 {[%emt 0:00:26]} 36. Ng5 {[%emt 0:00:08]} Bh6 {[%emt 0:09:05]} 37. Nf3 {[%emt 0:00:29]} Rxb3 {[%emt 0:00:34]} 38. d5 {[%emt 0:00:19]} Bf8 {[%emt 0:00:50]} 39. Nd4 {[%emt 0:00:31]} Bc5 {[%emt 0:00:16]} 40. dxe6 {[%emt 0:01:03]} Bxd4+ {[%emt 0:00:20]} 41. Kf1 {[%emt 0:30:00]} f3 0-1

[Event "CZE-tht Extraliga 2018-19"]
[Site "Czech Republic"]
[Date "2019.02.10"]
[Round "8.1"]
[White "Harikrishna, Pentala"]
[Black "Korobov, Anton"]
[Result "1-0"]
[WhiteElo "2726"]
[BlackElo "2687"]
[Annotator "TA"]
[PlyCount "113"]
[EventDate "2018.11.03"]
[EventType "team-tourn"]
[EventCountry "CZE"]
[SourceTitle "playchess.com"]
[Source "ChessBase"]
[SourceQuality "1"]
[WhiteTeam "Novoborsky"]
[BlackTeam "Beskydska"]

{[%evp 9,113,10,14,7,13,20,27,0,8,0,0,0,0,-1,0,-49,-39,-31,-20,-46,-41,-49,-36,-42,-48,-55,-28,-70,-73,-48,3,-15,-16,-16,-16,-21,5,-18,-10,-33,0,-58,-3,-38,15,0,0,0,11,14,28,13,17,7,4,12,14,8,8,8,8,0,49,43,83,83,85,85,123,125,129,129,218,128,210,223,209,199,587,460,478,450,429,408,397,393,469,477,477,461,483,469,457,416,509,467,580,568,557,448,448,443,435,350,343,332]} 1. e4 c5 2. Nf3 d6 3. d4 cxd4 4. Qxd4 Nf6 5. Be2 (5. Bb5+ Bd7 6. c4 g6 7. Nc3 Bg7 8. O-O O-O 9. Qd3 a6 10. Bxd7 Nbxd7 11. Qe2 Rc8 12. Bd2 Ng4 {½-½ (87) Alekseev,E (2639)-Nepomniachtchi,I (2763) St Petersburg 2018}) 5... Nc6 6. Qe3 {B53: Sicilian: 2...d6: Lines with Qxd4} g6 7. O-O Bg7 8. h3 {White has an edge.} Nd7 9. Nc3 O-O 10. Rb1 $146 ({Predecessor:} 10. Rd1 a6 11. Nd5 Re8 12. c4 Nc5 {1-0 (47) Tsang,H (2394)-Oppermann,R (2258) ICCF email 2016}) 10... a6 11. Bd2 b5 12. Nd5 e6 13. Nb4 Ne7 14. Bc3 Bxc3 15. Qxc3 Qb6 16. Qd2 a5 17. Nd3 Bb7 18. Qg5 Rae8 19. Qh4 f6 (19... Kg7 $15) 20. Rfd1 g5 21. Qg4 $1 Ng6 {Threatens to win with ...f5.} 22. Re1 Kg7 23. Nd2 h6 24. c3 Re7 25. Qg3 (25. Bf1 $11) 25... d5 (25... f5 $15 26. exf5 exf5) 26. Bh5 Nge5 ({Better is} 26... dxe4 $15 27. Nxe4 e5) 27. exd5 Bxd5 28. b3 Ba8 29. Rbd1 Qb8 30. Nxe5 Nxe5 31. Ne4 Bxe4 32. Rxe4 Ng6 33. Qe3 Nf4 34. Bf3 e5 $1 35. Red4 Rff7 36. Rd8 Qc7 {[#]} 37. g3 $1 {[%cal Rg3f4]} e4 38. gxf4 gxf4 39. Qe2 exf3 40. Qxf3 {White threatens Qg4+ and mate.} Re5 (40... Qe5 $16) 41. Kh2 (41. h4 $18 Kh7 42. Kh2) 41... Kh7 (41... Qb7 $16 42. R1d5 (42. Qxf4 Qe4 $16) 42... Rxd5 43. Rxd5 f5) 42. R1d6 $40 {[%mdl 128] Black is in trouble.} Qb7 {[#]} 43. Rc6 $1 Rg5 $2 (43... Rd7 {is a better chance.} 44. Rdc8 Rf7) 44. h4 Rg8 45. Qd3+ Kh8 46. Rxg8+ Kxg8 {[%mdl 4096] Endgame KQR-KQR} 47. Qg6+ Rg7 48. Qxf6 Qd7 49. Qxh6 Qg4 {[%csl Gg7][%cal Rg4g2]} 50. Qe6+ Qxe6 51. Rxe6 {KR-KR} f3 52. Ra6 a4 53. bxa4 bxa4 54. Rxa4 Rg2+ 55. Kh3 Rxf2 56. Rf4 Rxa2 57. Kg3 {Accuracy: White = 53%, Black = 49%.} ({Resist} 57. Rxf3 Ra4 $18) 1-0

[Event "CZE-tht Extraliga 2018-19"]
[Site "Czech Republic"]
[Date "2019.02.10"]
[Round "8.1"]
[White "Nabaty, Tamir"]
[Black "Heberla, Bartlomiej"]
[Result "1-0"]
[WhiteElo "2688"]
[BlackElo "2556"]
[Annotator "TA"]
[PlyCount "50"]
[EventDate "2018.11.03"]
[EventType "team-tourn"]
[EventCountry "CZE"]
[SourceTitle "playchess.com"]
[Source "ChessBase"]
[SourceQuality "1"]
[WhiteTeam "Lysa nad Labem"]
[BlackTeam "Brno"]

{[%evp 9,50,13,42,4,15,-1,31,0,31,29,25,17,16,8,15,7,14,0,9,10,20,0,0,0,30,27,75,77,91,85,91,72,188,193,184,161,162,167,167,150,158,147,653]} 1. d4 d6 2. Nf3 Nf6 3. Nbd2 Nc6 4. e4 e5 5. Bb5 (5. dxe5 Nxe5 6. Nxe5 dxe5 7. Be2 Bc5 8. O-O O-O 9. c3 a5 10. a4 b6 11. Re1 Bb7 12. Qc2 Qe7 {½-½ (39) Olson,H (2241)-Neuman,P (2446) Prague 2018}) 5... Bd7 6. dxe5 $146 {B00: Queen's Fianchetto Defence, Nimzowitsch Defence} ({Predecessor:} 6. d5 Nb8 7. Bxd7+ Nbxd7 8. Qe2 Be7 9. c4 a5 10. b3 Nc5 11. O-O O-O 12. Ne1 Nfd7 {1-0 (27) Georgiev,N (1574)-Radev,R (1946) Pleven 2016}) 6... Nxe5 7. Qe2 Be7 8. O-O {White is slightly better.} O-O 9. Nxe5 dxe5 10. Bd3 Bc5 11. Nc4 Bg4 12. Qe1 Qe7 13. Bg5 h6 14. Bh4 Rad8 15. Kh1 {Threatens to win with f4.} g5 16. Bg3 Bb4 17. Qc1 Nh5 18. Bxe5 Be6 {[#] And now ...Bxc4 would win.} 19. Ne3 Nf4 20. Qd1 f6 (20... Bd6 $16 {was necessary.} 21. Bc3 Bb4) 21. Bxf4 $1 $18 {White is clearly better.} gxf4 {[#]} 22. Nd5 $1 {[%mdl 512]} Bxd5 23. exd5 Qe5 24. Qg4+ Qg5 25. Qe6+ Kh8 $2 {[%mdl 8192] Accuracy: White = 55%, Black = 35%.} (25... Rf7 $16 26. c3 Bc5) 1-0

[Event "CZE-tht Extraliga 2018-19"]
[Site "Czech Republic"]
[Date "2019.02.10"]
[Round "8.1"]
[White "Kempinski, Robert"]
[Black "Movsesian, Sergei"]
[Result "1/2-1/2"]
[WhiteElo "2578"]
[BlackElo "2622"]
[Annotator "TA"]
[PlyCount "36"]
[EventDate "2018.11.03"]
[EventType "team-tourn"]
[EventCountry "CZE"]
[SourceTitle "playchess.com"]
[Source "ChessBase"]
[SourceQuality "1"]
[WhiteTeam "Poruba"]
[BlackTeam "Pardubice"]

{[%evp 21,26,0,13,0,0,-1,0]} 1. d4 Nf6 2. c4 e6 3. Nf3 d5 4. Nc3 Bb4 5. Bg5 h6 6. Bxf6 Qxf6 7. e3 O-O 8. Rc1 Nc6 9. cxd5 exd5 10. a3 {D38: Queen's Gambit Declined: Ragozin Defence (4 Nf3 Bb4)} (10. Bd3 Ne7 11. a3 Bxc3+ 12. bxc3 c5 13. dxc5 Bg4 14. Be2 Rfc8 15. Qd4 Bxf3 16. gxf3 b6 17. Qxf6 gxf6 18. cxb6 axb6 {½-½ (59) Giri,A (2780)-Harikrishna,P (2743) Batumi 2018}) 10... Bxc3+ 11. Rxc3 Ne7 {LiveBook: 7 Games. The position is equal.} 12. Bd3 c6 13. Ne5 Bf5 {[#]} {Predecessor:} 14. O-O $146 Rfd8 15. b4 a6 16. a4 Ng6 17. Nxg6 Qxg6 18. Bxf5 Qxf5 {½-½ (33) Abasov,N (2632)-Movsesian,S (2645) Biograd 2018} 1/2-1/2

[Event "CZE-tht Extraliga 2018-19"]
[Site "Czech Republic"]
[Date "2019.02.10"]
[Round "8.1"]
[White "Nguyen, Thai Dai Van"]
[Black "Molenda, Marcin"]
[Result "1/2-1/2"]
[WhiteElo "2542"]
[BlackElo "2393"]
[Annotator "RC"]
[PlyCount "36"]
[EventDate "2018.11.03"]
[EventType "team-tourn"]
[EventCountry "CZE"]
[SourceTitle "playchess.com"]
[Source "ChessBase"]
[SourceQuality "1"]
[WhiteTeam "Siesta"]
[BlackTeam "Cesky Tesin"]
[TimeControl "40/5400+30:1800+30"]

1. e4 {[%emt 0:00:00]} c5 {[%emt 0:00:00]} 2. Nf3 {[%emt 0:00:00]} e6 {[%emt 0:00:00]} 3. d4 {[%emt 0:00:00]} cxd4 {[%emt 0:00:00]} 4. Nxd4 {[%emt 0:00:00]} Nc6 {[%emt 0:00:00]} 5. Nc3 {[%emt 0:00:00]} Qc7 {[%emt 0:00:04]} 6. Be3 {[%emt 0:00:03]} a6 {[%emt 0:00:04]} 7. Qf3 {[%emt 0:00:05]} b5 {[%emt 0:10:35]} 8. Nxc6 {[%emt 0:22:08]} Qxc6 {[%emt 0:01:15]} 9. Bd3 {[%emt 0:04:12]} Bb7 {[%emt 0:03:34]} 10. a3 {[%emt 0:05:13]} Nf6 {[%emt 0:19:12]} 11. O-O {[%emt 0:12:30]} Bd6 {[%emt 0:06:34]} 12. Bd4 {[%emt 0:12:04]} Bxh2+ {[%emt 0:04:56]} 13. Kxh2 {[%emt 0:14:49]} Qd6+ {[%emt 0:00:26]} 14. e5 {[%emt 0:05:40]} Qxd4 {[%emt 0:00:09]} 15. Qxb7 {[%emt 0:00:04]} Qh4+ {[%emt 0:00:06]} 16. Kg1 {[%emt 0:00:02]} Ng4 {[%emt 0:00:05]} 17. Rfe1 {[%emt 0:00:54]} Qxf2+ {[%emt 0:00:43]} 18. Kh1 {[%emt 0:00:05]} Qh4+ {[%emt 0:00:54]} 1/2-1/2

[Event "CZE-tht Extraliga 2018-19"]
[Site "Czech Republic"]
[Date "2019.02.10"]
[Round "8.1"]
[White "Kociscak, Jiri"]
[Black "Ftacnik, Lubomir"]
[Result "1/2-1/2"]
[WhiteElo "2501"]
[BlackElo "2500"]
[Annotator "ChessBase"]
[PlyCount "291"]
[EventDate "2018.11.03"]
[EventType "team-tourn"]
[EventCountry "CZE"]
[SourceTitle "playchess.com"]
[Source "ChessBase"]
[SourceQuality "1"]
[WhiteTeam "Ostrava"]
[BlackTeam "Turnov"]
[TimeControl "40/5400+30:1800+30"]

1. d4 {[%emt 0:01:48]} Nf6 {[%emt 0:00:00]} 2. c4 {[%emt 0:00:06]} g6 {[%emt 0:00:00]} 3. Nf3 {[%emt 0:00:06]} Bg7 {[%emt 0:00:00]} 4. g3 {[%emt 0:00:08]} c6 {[%emt 0:01:16]} 5. Bg2 {[%emt 0:00:52]} d5 {[%emt 0:01:00]} 6. Nbd2 {[%emt 0:02:48]} O-O {[%emt 0:00:17]} 7. O-O {[%emt 0:00:09]} Bf5 {[%emt 0:00:27]} 8. b3 {[%emt 0:02:30]} Nbd7 {[%emt 0:00:54]} 9. Bb2 {[%emt 0:00:07]} b5 {[%emt 0:01:25]} 10. h3 {[%emt 0:25:44]} bxc4 {[%emt 0:19:24]} 11. g4 {[%emt 0:00:25]} Be4 {[%emt 0:03:15]} 12. bxc4 {[%emt 0:01:49]} Rb8 {[%emt 0:00:49]} 13. Qc1 {[%emt 0:00:27]} Re8 {[%emt 0:05:24]} 14. Rd1 {[%emt 0:07:36]} Qb6 {[%emt 0:02:32]} 15. Bc3 {[%emt 0:00:43]} Qa6 {[%emt 0:05:07]} 16. g5 {[%emt 0:22:11]} Nh5 {[%emt 0:15:19]} 17. Nxe4 {[%emt 0:04:18]} dxe4 {[%emt 0:00:08]} 18. Nd2 {[%emt 0:05:00]} Nf4 {[%emt 0:12:17]} 19. Bf1 {[%emt 0:00:08]} Ne6 {[%emt 0:00:29]} 20. Nxe4 {[%emt 0:02:49]} Qxc4 {[%emt 0:00:56]} 21. e3 {[%emt 0:00:49]} Qa4 {[%emt 0:02:55]} 22. Bg2 {[%emt 0:01:14]} Nb6 {[%emt 0:04:49]} 23. Nc5 {[%emt 0:04:04]} Qc4 {[%emt 0:06:00]} 24. Ba5 {[%emt 0:01:09]} Nxc5 {[%emt 0:02:22]} 25. Bxb6 {[%emt 0:00:10]} Qxc1 {[%emt 0:02:09]} 26. Raxc1 {[%emt 0:00:05]} axb6 {[%emt 0:00:52]} 27. dxc5 {[%emt 0:00:17]} Rec8 {[%emt 0:01:00]} 28. cxb6 {[%emt 0:05:49]} Rxb6 {[%emt 0:00:02]} 29. Rc5 {[%emt 0:00:13]} Ra6 {[%emt 0:04:29]} 30. Rd2 {[%emt 0:00:58]} Rca8 {[%emt 0:01:12]} 31. Rcc2 {[%emt 0:00:23]} Rc8 {[%emt 0:00:07]} 32. Rc4 {[%emt 0:04:43]} Rca8 {[%emt 0:00:28]} 33. Bxc6 {[%emt 0:00:11]} Rxa2 {[%emt 0:00:15]} 34. Rd7 {[%emt 0:00:10]} R2a7 {[%emt 0:01:59]} 35. Rxe7 {[%emt 0:00:53]} Rxe7 {[%emt 0:00:17]} 36. Bxa8 {[%emt 0:00:05]} h6 {[%emt 0:00:03]} 37. gxh6 {[%emt 0:02:07]} Bxh6 {[%emt 0:00:03]} 38. Kg2 {[%emt 0:00:48]} Kh7 {[%emt 0:02:43]} 39. Ra4 {[%emt 0:00:35]} Kg7 {[%emt 0:00:46]} 40. Bd5 {[%emt 0:00:09]} Kh7 {[%emt 0:03:01]} 41. Kg3 {[%emt 0:31:22]} Bg7 {[%emt 0:32:16]} 42. Ra6 {[%emt 0:00:00]} Bc3 {[%emt 0:00:00]} 43. Rc6 {[%emt 0:00:00]} Be1 {[%emt 0:00:00]} 44. Kf3 {[%emt 0:00:00]} Kg7 {[%emt 0:00:00]} 45. Ke2 {[%emt 0:00:00]} Bb4 {[%emt 0:00:00]} 46. f4 {[%emt 0:00:00]} Ba3 {[%emt 0:00:00]} 47. Kf3 {[%emt 0:00:00]} Bb2 {[%emt 0:00:00]} 48. e4 {[%emt 0:00:00]} Bd4 {[%emt 0:00:00]} 49. Kg4 {[%emt 0:00:00]} Be3 {[%emt 0:00:00]} 50. h4 {[%emt 0:00:00]} Bd2 {[%emt 0:00:00]} 51. e5 {[%emt 0:00:00]} Be3 {[%emt 0:00:00]} 52. Rf6 {[%emt 0:00:00]} Bd2 {[%emt 0:00:00]} 53. Rd6 {[%emt 0:02:37]} Bc3 {[%emt 0:00:00]} 54. h5 {[%emt 0:00:29]} Bxe5 {[%emt 0:00:00]} 55. fxe5 {[%emt 0:00:10]} Rxe5 {[%emt 0:00:00]} 56. Rd7 {[%emt 0:01:41]} Rxh5 {[%emt 0:00:03]} 57. Bxf7 {[%emt 0:00:12]} Kf6 {[%emt 0:00:50]} 58. Bc4 {[%emt 0:01:38]} Rg5+ {[%emt 0:00:27]} 59. Kf4 {[%emt 0:00:06]} Rf5+ {[%emt 0:02:30]} 60. Ke4 {[%emt 0:00:07]} Re5+ {[%emt 0:00:12]} 61. Kd4 {[%emt 0:00:07]} Re7 {[%emt 0:01:25]} 62. Rd6+ {[%emt 0:00:09]} Kg5 {[%emt 0:00:08]} 63. Bd3 {[%emt 0:00:08]} Rg7 {[%emt 0:00:19]} 64. Ke3 {[%emt 0:02:11]} Rg8 {[%emt 0:00:48]} 65. Be4 {[%emt 0:00:32]} Rg7 {[%emt 0:00:25]} 66. Rd1 {[%emt 0:00:39]} Rg8 {[%emt 0:00:35]} 67. Rg1+ {[%emt 0:00:26]} Kf6 {[%emt 0:02:02]} 68. Kf4 {[%emt 0:00:05]} Rg7 {[%emt 0:01:10]} 69. Rg5 {[%emt 0:00:41]} Rg8 {[%emt 0:00:44]} 70. Ra5 {[%emt 0:00:35]} Re8 {[%emt 0:00:30]} 71. Ra7 {[%emt 0:02:05]} Re7 {[%emt 0:00:48]} 72. Ra8 {[%emt 0:00:04]} Re6 {[%emt 0:00:24]} 73. Bd5 {[%emt 0:00:26]} Rd6 {[%emt 0:00:53]} 74. Ke4 {[%emt 0:00:28]} Rb6 {[%emt 0:00:25]} 75. Ra7 {[%emt 0:00:36]} Rb4+ {[%emt 0:00:29]} 76. Kf3 {[%emt 0:00:06]} Rb6 {[%emt 0:00:08]} 77. Kf4 {[%emt 0:00:26]} Rb4+ {[%emt 0:00:43]} 78. Be4 {[%emt 0:00:09]} g5+ {[%emt 0:01:04]} 79. Ke3 {[%emt 0:00:08]} Rb3+ {[%emt 0:00:17]} 80. Bd3 {[%emt 0:00:09]} Rb6 {[%emt 0:00:12]} 81. Ra5 {[%emt 0:00:20]} Re6+ {[%emt 0:00:52]} 82. Kd4 {[%emt 0:00:05]} Rd6+ {[%emt 0:00:31]} 83. Kc3 {[%emt 0:00:20]} Rc6+ {[%emt 0:00:40]} 84. Kd2 {[%emt 0:00:13]} g4 {[%emt 0:00:49]} 85. Rf5+ {[%emt 0:00:08]} Ke7 {[%emt 0:00:16]} 86. Rg5 {[%emt 0:00:07]} Kd8 {[%emt 0:00:54]} 87. Ke3 {[%emt 0:00:11]} Rd6 {[%emt 0:00:25]} 88. Be4 {[%emt 0:00:11]} Kc7 {[%emt 0:00:07]} 89. Bd5 {[%emt 0:00:24]} Rf6 {[%emt 0:00:50]} 90. Kd4 {[%emt 0:00:41]} Rd6 {[%emt 0:00:37]} 91. Kc5 {[%emt 0:00:38]} Rd7 {[%emt 0:00:08]} 92. Rg6 {[%emt 0:00:23]} g3 {[%emt 0:00:19]} 93. Rxg3 {[%emt 0:00:08]} Re7 {[%emt 0:00:23]} 94. Ra3 {[%emt 0:00:37]} Kd7 {[%emt 0:01:18]} 95. Ra6 {[%emt 0:01:07]} Kc7 {[%emt 0:00:41]} 96. Rc6+ {[%emt 0:02:58]} Kd8 {[%emt 0:00:21]} 97. Rb6 {[%emt 0:00:35]} Kc7 {[%emt 0:00:15]} 98. Be6 {[%emt 0:00:31]} Re8 {[%emt 0:01:52]} 99. Rc6+ {[%emt 0:03:15]} Kb7 {[%emt 0:00:01]} 100. Kb5 {[%emt 0:00:15]} Re7 {[%emt 0:00:17]} 101. Bd5 {[%emt 0:00:24]} Kb8 {[%emt 0:00:19]} 102. Rc1 {[%emt 0:00:51]} Rd7 {[%emt 0:01:04]} 103. Kc5 {[%emt 0:01:54]} Kc7 {[%emt 0:00:35]} 104. Kd4+ {[%emt 0:00:43]} Kd8 {[%emt 0:00:48]} 105. Ke5 {[%emt 0:00:04]} Rc7 {[%emt 0:00:09]} 106. Bc6 {[%emt 0:00:26]} Ke7 {[%emt 0:00:05]} 107. Rc2 {[%emt 0:00:23]} Ra7 {[%emt 0:00:51]} 108. Rh2 {[%emt 0:00:13]} Rc7 {[%emt 0:00:11]} 109. Rh6 {[%emt 0:00:04]} Kd8 {[%emt 0:00:26]} 110. Kd5 {[%emt 0:00:36]} Ke7 {[%emt 0:00:06]} 111. Rh8 {[%emt 0:00:45]} Kf6 {[%emt 0:00:20]} 112. Kd6 {[%emt 0:00:05]} Rg7 {[%emt 0:00:09]} 113. Be4 {[%emt 0:00:23]} Kg5 {[%emt 0:00:52]} 114. Rh1 {[%emt 0:00:07]} Kf4 {[%emt 0:00:16]} 115. Bd5 {[%emt 0:00:04]} Rg6+ {[%emt 0:00:46]} 116. Kc5 {[%emt 0:00:06]} Rg3 {[%emt 0:00:12]} 117. Kd4 {[%emt 0:00:06]} Kg5 {[%emt 0:00:37]} 118. Ke5 {[%emt 0:00:07]} Re3+ {[%emt 0:00:34]} 119. Be4 {[%emt 0:00:05]} Rg3 {[%emt 0:00:04]} 120. Rh8 {[%emt 0:00:18]} Kg4 {[%emt 0:00:45]} 121. Bf5+ {[%emt 0:01:46]} Kg5 {[%emt 0:00:19]} 122. Rf8 {[%emt 0:00:55]} Re3+ {[%emt 0:00:41]} 123. Be4 {[%emt 0:00:06]} Rg3 {[%emt 0:00:13]} 124. Bf3 {[%emt 0:00:05]} Kh4 {[%emt 0:00:14]} 125. Kf4 {[%emt 0:00:17]} Rg4+ {[%emt 0:00:20]} 126. Ke3 {[%emt 0:00:06]} Rg7 {[%emt 0:00:42]} 127. Rf5 {[%emt 0:00:35]} Kg3 {[%emt 0:00:12]} 128. Rf4 {[%emt 0:01:25]} Re7+ {[%emt 0:01:02]} 129. Be4 {[%emt 0:00:09]} Rg7 {[%emt 0:00:07]} 130. Rf1 {[%emt 0:00:41]} Rg5 {[%emt 0:00:18]} 131. Bf5 {[%emt 0:00:20]} Kg2 {[%emt 0:01:00]} 132. Rf2+ {[%emt 0:00:07]} Kg3 {[%emt 0:00:05]} 133. Rf3+ {[%emt 0:00:11]} Kg2 {[%emt 0:00:07]} 134. Ke2 {[%emt 0:01:16]} Kh2 {[%emt 0:00:17]} 135. Rf4 {[%emt 0:01:08]} Rg2+ {[%emt 0:00:33]} 136. Ke3 {[%emt 0:00:13]} Rg3+ {[%emt 0:00:02]} 137. Ke4 {[%emt 0:00:05]} Rg7 {[%emt 0:00:38]} 138. Be6 {[%emt 0:01:05]} Kg3 {[%emt 0:01:02]} 139. Rf1 {[%emt 0:00:30]} Rg5 {[%emt 0:00:26]} 140. Rf3+ {[%emt 0:00:10]} Kg2 {[%emt 0:01:35]} 141. Kf4 {[%emt 0:00:06]} Rg7 {[%emt 0:01:00]} 142. Bd5 {[%emt 0:01:13]} Kg1 {[%emt 0:01:40]} 143. Ra3 {[%emt 0:00:55]} Kf2 {[%emt 0:01:04]} 144. Ra2+ {[%emt 0:01:02]} Ke1 {[%emt 0:00:01]} 145. Bf3 {[%emt 0:01:00]} Rc7 {[%emt 0:00:56]} 146. Re2+ {[%emt 0:00:57]} 1/2-1/2